[Event "ENCI Limburg-open B"]
[Site "Maastricht"]
[Date "2010.05.23"]
[Round "5"]
[White "Van Liempt, Michael"]
[Black "Eijk, Yuri"]
[Result "0-1"]
[WhiteElo "1747"]
[BlackElo "1966"]
[PlyCount "82"]
[EventDate "2010.05.21"]
[EventType "swiss"]
[EventRounds "7"]
[EventCountry "NED"]
[Source "P.Boonen"]
[SourceDate "2010.10.01"]

1. e4 c5 2. Nc3 g6 3. f4 Nc6 4. Nf3 Bg7 5. Bb5 Nd4 6. O-O Nxb5 7. Nxb5 Nf6 8.
d3 d5 9. e5 Nd7 10. Qe1 Nb8 11. Nc3 Nc6 12. Qf2 b6 13. a3 Bg4 14. h3 Bxf3 15.
Qxf3 e6 16. Ne2 Rc8 17. c3 O-O 18. b4 f6 19. Qg4 Qd7 20. d4 cxd4 21. cxd4 fxe5
22. fxe5 Rxf1+ 23. Kxf1 Qf7+ 24. Kg1 Ne7 25. Bg5 Rf8 26. Bxe7 Qxe7 27. Rf1
Rxf1+ 28. Kxf1 Qf7+ 29. Kg1 Bh6 30. Kh2 b5 31. Qf3 Qxf3 32. gxf3 Bd2 33. Kg3
Kf7 34. Kg4 h5+ 35. Kh4 Kg7 36. Kg3 g5 37. f4 Kg6 38. fxg5 Kxg5 39. Kf3 h4 40.
Kg2 Kf5 41. Kf3 a6 0-1

[Event "ENCI Limburg-open B"]
[Site "Maastricht"]
[Date "2010.05.23"]
[Round "5"]
[White "Van Meegen, Ruud"]
[Black "Gunther, Justin"]
[Result "0-1"]
[WhiteElo "1956"]
[BlackElo "1996"]
[PlyCount "80"]
[EventDate "2010.05.21"]
[EventType "swiss"]
[EventRounds "7"]
[EventCountry "NED"]
[Source "P.Boonen"]
[SourceDate "2010.10.01"]

1. e4 c5 2. Nf3 d6 3. d4 cxd4 4. Nxd4 Nf6 5. Nc3 Nc6 6. Be2 e6 7. Be3 a6 8. O-O
Be7 9. f4 O-O 10. a4 Bd7 11. Nb3 Na5 12. Nxa5 Qxa5 13. Qe1 Qc7 14. h3 Bc6 15.
Bf3 b5 16. a5 b4 17. Bb6 Qb7 18. e5 bxc3 19. exf6 Bxf6 20. bxc3 Rac8 21. Rd1
Bxf3 22. Rxf3 d5 23. Rdd3 Rc4 24. Qd2 Rfc8 25. f5 Qc6 26. fxe6 fxe6 27. Rxf6
gxf6 28. Rg3+ Kf7 29. Qh6 e5 30. Qxh7+ Ke6 31. Rg7 Qe8 32. Bc7 Rf4 33. g3 Rf5
34. g4 Rf4 35. h4 Qf8 36. Kg2 Qc5 37. Bb6 Qb5 38. c4 dxc4 39. Re7+ Kd6 40. Qf7
Qd5+ 0-1

[Event "ENCI Limburg-open B"]
[Site "Maastricht"]
[Date "2010.05.23"]
[Round "5"]
[White "Visser, Sebastiaan"]
[Black "Broekhuis, Jan"]
[Result "0-1"]
[WhiteElo "1731"]
[BlackElo "1866"]
[PlyCount "72"]
[EventDate "2010.05.21"]
[EventType "swiss"]
[EventRounds "7"]
[EventCountry "NED"]
[Source "P.Boonen"]
[SourceDate "2010.10.01"]

1. d4 d5 2. c4 e6 3. cxd5 exd5 4. Nf3 Be7 5. Bf4 Nf6 6. Qc2 c6 7. e3 O-O 8. Bd3
Nbd7 9. O-O Re8 10. a3 Nf8 11. b4 Be6 12. Qb3 Ne4 13. Nbd2 g5 14. Be5 g4 15.
Qc2 gxf3 16. Nxf3 Ng5 17. Kh1 Ng6 18. Nxg5 Bxg5 19. f4 Nxe5 20. Bxh7+ Kh8 21.
dxe5 Bh6 22. Rf3 Bd7 23. Rg1 f6 24. Qg6 Qe7 25. Qxh6 Qxh7 26. Qxf6+ Qg7 27.
Qh4+ Qh7 28. Qxh7+ Kxh7 29. g4 a5 30. g5 Bf5 31. Rfg3 Be4+ 32. R1g2 axb4 33.
g6+ Kg8 34. Kg1 Bxg2 35. f5 Be4 36. f6 Rxe5 0-1

[Event "ENCI Limburg-open B"]
[Site "Maastricht"]
[Date "2010.05.23"]
[Round "5"]
[White "Willen, Ronny"]
[Black "Rodriguez, Abelardo"]
[Result "0-1"]
[WhiteElo "1899"]
[BlackElo "1734"]
[PlyCount "50"]
[EventDate "2010.05.21"]
[EventType "swiss"]
[EventRounds "7"]
[EventCountry "NED"]
[Source "P.Boonen"]
[SourceDate "2010.10.01"]

1. e4 e6 2. d4 d5 3. Nc3 Nf6 4. Bg5 Be7 5. e5 Nfd7 6. h4 c5 7. Nb5 h6 8. Nd6+
Kf8 9. Bxe7+ Kxe7 10. Qd2 cxd4 11. f4 f6 12. Qb4 Nc6 13. Nxc8+ Kf7 14. Nd6+ Kg8
15. Qd2 fxe5 16. fxe5 Ndxe5 17. Nb5 Qb6 18. b3 a6 19. Na3 Qc5 20. Nb1 Nb4 21.
c3 dxc3 22. Nxc3 Rc8 23. Rh3 Qxg1 24. Ne2 Qb6 25. Nd4 Qxd4 0-1

[Event "ENCI Limburg-open B"]
[Site "Maastricht"]
[Date "2010.05.24"]
[Round "6"]
[White "Brasse, Bram"]
[Black "Tjong-Akiet, Raf"]
[Result "0-1"]
[WhiteElo "1764"]
[BlackElo "1772"]
[PlyCount "50"]
[EventDate "2010.05.21"]
[EventType "swiss"]
[EventRounds "7"]
[EventCountry "NED"]
[Source "P.Boonen"]
[SourceDate "2010.10.01"]

1. Nf3 Nf6 2. d4 e6 3. c4 Bb4+ 4. Bd2 Bxd2+ 5. Nbxd2 d6 6. g3 Qe7 7. Bg2 O-O 8.
O-O e5 9. e3 Nc6 10. d5 Nd8 11. Qc2 a5 12. Nh4 g6 13. Rac1 b6 14. f4 Ng4 15.
Rce1 f5 16. h3 Nf6 17. fxe5 Qxe5 18. Rf3 Nf7 19. Nf1 Ng5 20. Rf2 Nfe4 21. Bxe4
fxe4 22. Rxf8+ Kxf8 23. Qh2 Nxh3+ 24. Kh1 g5 25. Ng2 Qxb2 0-1

[Event "ENCI Limburg-open B"]
[Site "Maastricht"]
[Date "2010.05.24"]
[Round "6"]
[White "Broekhuis, Jan"]
[Black "Sanetra, Chris"]
[Result "1-0"]
[WhiteElo "1866"]
[BlackElo "2027"]
[PlyCount "93"]
[EventDate "2010.05.21"]
[EventType "swiss"]
[EventRounds "7"]
[EventCountry "NED"]
[Source "P.Boonen"]
[SourceDate "2010.10.01"]

1. d4 Nf6 2. c4 g6 3. Nf3 Bg7 4. Nc3 d6 5. Bg5 O-O 6. e3 h6 7. Bxf6 exf6 8. Be2
f5 9. Rc1 Nd7 10. O-O Nf6 11. Bd3 Re8 12. Qc2 c6 13. b4 Qe7 14. a4 Ne4 15. Rfd1
Bd7 16. Nd2 Nxf2 17. Kxf2 Qxe3+ 18. Kf1 g5 19. Nb3 g4 20. Qf2 f4 21. Rd2 f3 22.
g3 f5 23. Qxe3 Rxe3 24. Re1 Rxe1+ 25. Kxe1 c5 26. b5 cxd4 27. Nd5 Kf7 28. Nf4
Be5 29. c5 Bxf4 30. gxf4 Be6 31. Nxd4 dxc5 32. Nxf5 Rd8 33. Nxh6+ Kf6 34. f5
Bb3 35. Nxg4+ Kg5 36. Nf2 Kf4 37. f6 Rg8 38. Nh3+ Ke3 39. Bf1 c4 40. f7 Rf8 41.
Rd7 c3 42. Rd3+ Ke4 43. Rxc3 Bxf7 44. Ng5+ Kf4 45. Nxf7 Rxf7 46. Kf2 Ke4 47. a5
1-0

[Event "ENCI Limburg-open B"]
[Site "Maastricht"]
[Date "2010.05.24"]
[Round "6"]
[White "Capone, Nicola"]
[Black "Bieberle, Gerhart"]
[Result "1/2-1/2"]
[WhiteElo "1852"]
[BlackElo "1947"]
[PlyCount "82"]
[EventDate "2010.05.21"]
[EventType "swiss"]
[EventRounds "7"]
[EventCountry "NED"]
[Source "P.Boonen"]
[SourceDate "2010.10.01"]

1. e4 e6 2. d4 d5 3. Nc3 Nf6 4. Bg5 Be7 5. e5 Nfd7 6. Bxe7 Qxe7 7. Qg4 g6 8.
Nf3 b6 9. Be2 Ba6 10. Bxa6 Nxa6 11. O-O c6 12. a3 Nc7 13. Rad1 O-O-O 14. Ne2
Rdg8 15. Qg5 Qxg5 16. Nxg5 Rg7 17. f4 h6 18. Nf3 Kd8 19. Kf2 Ke7 20. g4 Ne8 21.
Ng3 Rgg8 22. Ke3 c5 23. c3 Ng7 24. h4 h5 25. g5 Rc8 26. Rb1 Rc7 27. Rfc1 Rhc8
28. Kd2 cxd4 29. cxd4 b5 30. Rxc7 Rxc7 31. b3 Nb6 32. Ne1 a5 33. Nd3 Nd7 34.
Rb2 Kd8 35. Rc2 Rxc2+ 36. Kxc2 Kc7 37. Kc3 Kc6 38. a4 bxa4 39. bxa4 Nb6 40. Nb2
Kc7 41. Kb3 Kb7 1/2-1/2

[Event "ENCI Limburg-open B"]
[Site "Maastricht"]
[Date "2010.05.24"]
[Round "6"]
[White "Cebula, Jerzy"]
[Black "Hauglustaine, Sander"]
[Result "1/2-1/2"]
[WhiteElo "2018"]
[BlackElo "1782"]
[PlyCount "71"]
[EventDate "2010.05.21"]
[EventType "swiss"]
[EventRounds "7"]
[EventCountry "NED"]
[Source "P.Boonen"]
[SourceDate "2010.10.01"]

1. e4 c5 2. Nf3 Nc6 3. d4 cxd4 4. Nxd4 g6 5. Nc3 Bg7 6. Be3 Nf6 7. Nxc6 bxc6 8.
e5 Nd5 9. Nxd5 cxd5 10. Qxd5 Rb8 11. Bc4 O-O 12. O-O Qc7 13. f4 Bb7 14. Qd3 a5
15. Rad1 Rfc8 16. b3 Bc6 17. Rf2 Rd8 18. a4 d6 19. exd6 Rxd6 20. Qf1 Rxd1 21.
Qxd1 Bxa4 22. f5 Be8 23. Qg4 Qe5 24. Bf4 Qa1+ 25. Rf1 Qd4+ 26. Kh1 Rb6 27. Qg3
Qc3 28. Bd3 Bb5 29. Qf3 Qc8 30. fxg6 hxg6 31. c4 Bc6 32. Qf2 Rxb3 33. Bc2 Rb2
34. Be5 Bxe5 35. Qxf7+ Kh8 36. Qxg6 1/2-1/2

[Event "ENCI Limburg-open B"]
[Site "Maastricht"]
[Date "2010.05.24"]
[Round "6"]
[White "Cromsigt, Jeroen"]
[Black "De Wit, Albert"]
[Result "0-1"]
[WhiteElo "1825"]
[BlackElo "1955"]
[PlyCount "56"]
[EventDate "2010.05.21"]
[EventType "swiss"]
[EventRounds "7"]
[EventCountry "NED"]
[Source "P.Boonen"]
[SourceDate "2010.10.01"]

1. e4 g6 2. d4 Bg7 3. Nc3 c6 4. Nf3 d5 5. h3 Nh6 6. Be3 dxe4 7. Nxe4 Nf5 8. Bc4
O-O 9. Qd2 Nd7 10. O-O-O Nxe3 11. fxe3 b5 12. Bb3 a5 13. Neg5 a4 14. Bxf7+ Rxf7
15. Nxf7 Kxf7 16. Ng5+ Kg8 17. Ne6 Qb6 18. Nxg7 Kxg7 19. Rhf1 Nf6 20. e4 Be6
21. a3 Rb8 22. c3 Qc7 23. e5 Nd5 24. g4 c5 25. g5 b4 26. Qe1 bxa3 27. bxa3 cxd4
28. Rd3 Qb6 0-1

[Event "ENCI Limburg-open B"]
[Site "Maastricht"]
[Date "2010.05.24"]
[Round "6"]
[White "De Ridder, Dieter"]
[Black "O'Gorman, Brendan"]
[Result "1-0"]
[WhiteElo "1965"]
[BlackElo "1827"]
[PlyCount "63"]
[EventDate "2010.05.21"]
[EventType "swiss"]
[EventRounds "7"]
[EventCountry "NED"]
[Source "P.Boonen"]
[SourceDate "2010.10.01"]

1. e4 c5 2. Nf3 Nc6 3. Bb5 g6 4. O-O Bg7 5. c3 Nf6 6. Re1 d6 7. h3 Bd7 8. d4
O-O 9. a4 a6 10. Bxc6 Bxc6 11. d5 Bd7 12. a5 b5 13. axb6 Qxb6 14. Na3 Rfb8 15.
Nc4 Qc7 16. Bg5 Bb5 17. Nfd2 a5 18. f4 Kf8 19. Qf3 Ra6 20. e5 Ng8 21. Re3 a4
22. Rf1 dxe5 23. fxe5 f6 24. d6 exd6 25. exf6 Bh6 26. Re7 Qc8 27. Qd5 Be8 28.
Nxd6 Rxd6 29. Qxd6 Nxe7 30. fxe7+ Kg7 31. Qf6+ Kg8 32. Qf8+ 1-0

[Event "ENCI Limburg-open B"]
[Site "Maastricht"]
[Date "2010.05.24"]
[Round "6"]
[White "Debusschere, Helmuth"]
[Black "Coenen, Bert"]
[Result "0-1"]
[WhiteElo "1884"]
[BlackElo "1844"]
[PlyCount "42"]
[EventDate "2010.05.21"]
[EventType "swiss"]
[EventRounds "7"]
[EventCountry "NED"]
[Source "P.Boonen"]
[SourceDate "2010.10.01"]

1. e4 c5 2. Nf3 e6 3. d4 cxd4 4. Nxd4 a6 5. g3 b6 6. Bg2 Bb7 7. O-O Qc7 8. Nc3
d6 9. Be3 Nf6 10. a3 Be7 11. Rc1 O-O 12. f3 Nbd7 13. Nce2 Rac8 14. b3 Rfe8 15.
c4 Qb8 16. a4 d5 17. cxd5 Rxc1 18. Qxc1 exd5 19. Nc6 Bxc6 20. Bf4 Bc5+ 21. Kh1
Qb7 0-1

[Event "ENCI Limburg-open B"]
[Site "Maastricht"]
[Date "2010.05.24"]
[Round "6"]
[White "Eijk, Yuri"]
[Black "Roufs, Gerard"]
[Result "0-1"]
[WhiteElo "1966"]
[BlackElo "1984"]
[PlyCount "52"]
[EventDate "2010.05.21"]
[EventType "swiss"]
[EventRounds "7"]
[EventCountry "NED"]
[Source "P.Boonen"]
[SourceDate "2010.10.01"]

1. d4 d5 2. c4 dxc4 3. Nf3 Nf6 4. e3 e6 5. Bxc4 c5 6. Qe2 a6 7. dxc5 Bxc5 8.
O-O O-O 9. Bb3 Nc6 10. e4 Nd4 11. Nxd4 Qxd4 12. Nc3 Qe5 13. Qf3 Bd6 14. g3 Qa5
15. Rd1 Be5 16. Bd2 Qc7 17. Rac1 Qb8 18. Na4 b5 19. Nc5 Bxb2 20. Rc2 Be5 21.
Ba5 Bb7 22. Rcd2 Bc7 23. Bc3 e5 24. Qf5 Bc8 25. Qg5 h6 26. Qe3 Bb6 0-1

[Event "ENCI Limburg-open B"]
[Site "Maastricht"]
[Date "2010.05.24"]
[Round "6"]
[White "Frijns, Raoul"]
[Black "Cillen, Jeroen"]
[Result "1/2-1/2"]
[WhiteElo "1729"]
[BlackElo "1893"]
[PlyCount "67"]
[EventDate "2010.05.21"]
[EventType "swiss"]
[EventRounds "7"]
[EventCountry "NED"]
[Source "P.Boonen"]
[SourceDate "2010.10.01"]

1. d4 Nf6 2. Bg5 Ne4 3. Bf4 d5 4. f3 Nd6 5. e4 e6 6. Nc3 c6 7. Nge2 b6 8. Ng3
Ba6 9. Bxa6 Nxa6 10. O-O Be7 11. Re1 O-O 12. exd5 cxd5 13. Nxd5 exd5 14. Qe2
Bf6 15. Qxa6 Bxd4+ 16. Kh1 Bxb2 17. Rad1 Bc3 18. Re3 Rc8 19. Rxd5 Bb4 20. c3
Qf6 21. Bg5 Qg6 22. cxb4 Rc1+ 23. Nf1 Qb1 24. Kg1 b5 25. Kf2 Rxf1+ 26. Kg3 Nf5+
27. Kh3 Nxe3 28. Bxe3 Qxb4 29. Bh6 Qe7 30. Rg5 Re8 31. Rxg7+ Kh8 32. Rg4 Qe6
33. Bg7+ Kg8 34. Bh6+ 1/2-1/2

[Event "ENCI Limburg-open B"]
[Site "Maastricht"]
[Date "2010.05.24"]
[Round "6"]
[White "Goes, Dirk"]
[Black "Gunther, Marcella"]
[Result "1/2-1/2"]
[WhiteElo "1971"]
[BlackElo "1881"]
[PlyCount "45"]
[EventDate "2010.05.21"]
[EventType "swiss"]
[EventRounds "7"]
[EventCountry "NED"]
[Source "P.Boonen"]
[SourceDate "2010.10.01"]

1. d4 e6 2. Bf4 Nf6 3. e3 d5 4. Bd3 Be7 5. Nd2 O-O 6. h3 c5 7. c3 Nc6 8. Ngf3
Re8 9. a3 Bd6 10. Bxd6 Qxd6 11. b4 cxd4 12. cxd4 a6 13. Nb3 e5 14. dxe5 Nxe5
15. Nxe5 Qxe5 16. Nd4 Bd7 17. O-O Rac8 18. Rc1 Ne4 19. Bxe4 dxe4 20. Re1 Rxc1
21. Qxc1 Rc8 22. Qd2 Qc7 23. Ne2 1/2-1/2

[Event "ENCI Limburg-open B"]
[Site "Maastricht"]
[Date "2010.05.24"]
[Round "6"]
[White "Gunther, Justin"]
[Black "Thoma, Sophia"]
[Result "1-0"]
[WhiteElo "1996"]
[BlackElo "1894"]
[PlyCount "61"]
[EventDate "2010.05.21"]
[EventType "swiss"]
[EventRounds "7"]
[EventCountry "NED"]
[Source "P.Boonen"]
[SourceDate "2010.10.01"]

1. e4 c5 2. Nf3 d6 3. d4 cxd4 4. Nxd4 Nf6 5. Nc3 a6 6. Be2 e5 7. Nb3 Be7 8. O-O
O-O 9. a4 b6 10. f4 Nbd7 11. f5 Bb7 12. Bf3 Rc8 13. Be3 Rxc3 14. bxc3 Bxe4 15.
Bxe4 Nxe4 16. Qd3 Qa8 17. c4 Qc6 18. a5 b5 19. cxb5 axb5 20. a6 Ndc5 21. Nxc5
Nxc5 22. Bxc5 Qxc5+ 23. Kh1 Ra8 24. Rfb1 b4 25. Rd1 Qc6 26. a7 Qc7 27. Qa6 e4
28. Rd4 d5 29. Rxd5 Bc5 30. Qb5 Bxa7 31. Qd7 1-0

[Event "ENCI Limburg-open B"]
[Site "Maastricht"]
[Date "2010.05.24"]
[Round "6"]
[White "Holwijn, Melvin"]
[Black "Moog, Gerhard"]
[Result "1-0"]
[WhiteElo "2021"]
[BlackElo "1821"]
[PlyCount "33"]
[EventDate "2010.05.21"]
[EventType "swiss"]
[EventRounds "7"]
[EventCountry "NED"]
[Source "P.Boonen"]
[SourceDate "2010.10.01"]

1. d4 Nf6 2. c4 c6 3. Nc3 d5 4. Nf3 h6 5. e3 Bg4 6. Bd3 e6 7. h3 Bxf3 8. Qxf3
Nbd7 9. cxd5 exd5 10. O-O Bd6 11. e4 dxe4 12. Nxe4 Be7 13. Re1 O-O 14. Ng3 Nd5
15. Nf5 Bg5 16. Qg3 Qf6 17. f4 1-0

[Event "ENCI Limburg-open B"]
[Site "Maastricht"]
[Date "2010.05.24"]
[Round "6"]
[White "Jurrius, Theo"]
[Black "Geib, Volker"]
[Result "1/2-1/2"]
[WhiteElo "2016"]
[BlackElo "1799"]
[PlyCount "32"]
[EventDate "2010.05.21"]
[EventType "swiss"]
[EventRounds "7"]
[EventCountry "NED"]
[Source "P.Boonen"]
[SourceDate "2010.10.01"]

1. e4 d5 2. Nc3 dxe4 3. Nxe4 Bf5 4. Ng3 Bg6 5. Nf3 Nd7 6. b3 e6 7. Bb2 Ngf6 8.
d3 c6 9. Be2 Qc7 10. O-O Be7 11. a4 O-O 12. Nd2 Nd5 13. Bf3 Bf6 14. Bxf6 N7xf6
15. Nde4 Rad8 16. Nxf6+ Nxf6 1/2-1/2

[Event "ENCI Limburg-open B"]
[Site "Maastricht"]
[Date "2010.05.24"]
[Round "6"]
[White "Kalla, Christian"]
[Black "Demarre, Jan"]
[Result "1-0"]
[WhiteElo "1968"]
[BlackElo "1783"]
[PlyCount "45"]
[EventDate "2010.05.21"]
[EventType "swiss"]
[EventRounds "7"]
[EventCountry "NED"]
[Source "P.Boonen"]
[SourceDate "2010.10.01"]

1. e4 e5 2. Nf3 Nc6 3. d4 exd4 4. Nxd4 Nxd4 5. Qxd4 Ne7 6. Bc4 Nc6 7. Qd1 Bc5
8. Bxf7+ Kf8 9. O-O d6 10. Bb3 Nd4 11. Nc3 Nxb3 12. axb3 a6 13. e5 Be6 14. Qf3+
Kg8 15. Qxb7 dxe5 16. Rxa6 Rb8 17. Qc6 Bd6 18. Be3 Bc8 19. Ra7 Bd7 20. Qd5+ Kf8
21. Rfa1 g6 22. Bh6+ Ke8 23. Bg7 1-0

[Event "ENCI Limburg-open B"]
[Site "Maastricht"]
[Date "2010.05.24"]
[Round "6"]
[White "Keetman, Dennis"]
[Black "Tsiros, Fragkiskos Vlasios"]
[Result "0-1"]
[WhiteElo "1886"]
[BlackElo "1712"]
[PlyCount "66"]
[EventDate "2010.05.21"]
[EventType "swiss"]
[EventRounds "7"]
[EventCountry "NED"]
[Source "P.Boonen"]
[SourceDate "2010.10.01"]

1. e4 c5 2. d4 cxd4 3. c3 dxc3 4. Nxc3 d6 5. Bc4 Nc6 6. Nf3 e6 7. O-O Be7 8.
Bf4 a6 9. Rc1 Nf6 10. Qe2 Qc7 11. Rfd1 e5 12. Bg3 Bg4 13. Qe3 O-O 14. Ne2 Rac8
15. a3 Bh5 16. b4 Bg6 17. Nc3 Nxb4 18. axb4 Qxc4 19. Nd5 Nxd5 20. exd5 Qxb4 21.
Ra1 Rc3 22. Qe2 Rfc8 23. Nxe5 dxe5 24. Qxe5 Bf6 25. Qe1 Qe4 26. d6 Qxe1+ 27.
Rxe1 Bf5 28. Rad1 Bd7 29. h3 Kf8 30. Kh2 b5 31. Bf4 b4 32. g4 g5 33. Bd2 R3c4
0-1

[Event "ENCI Limburg-open B"]
[Site "Maastricht"]
[Date "2010.05.24"]
[Round "6"]
[White "Klein, Gernot"]
[Black "Van Meegen, Ruud"]
[Result "1-0"]
[WhiteElo "1903"]
[BlackElo "1956"]
[PlyCount "77"]
[EventDate "2010.05.21"]
[EventType "swiss"]
[EventRounds "7"]
[EventCountry "NED"]
[Source "P.Boonen"]
[SourceDate "2010.10.01"]

1. e4 c5 2. Nf3 d6 3. d4 cxd4 4. Nxd4 Nf6 5. Nc3 g6 6. Be3 Bg7 7. f3 O-O 8. Qd2
Nc6 9. Bc4 Bd7 10. O-O-O Ne5 11. Bb3 Rc8 12. Kb1 Nc4 13. Bxc4 Rxc4 14. g4 b5
15. b3 Rxc3 16. Qxc3 Qb8 17. h4 Rc8 18. Qd2 b4 19. h5 Qc7 20. hxg6 fxg6 21. Ne2
Be6 22. Bd4 a5 23. g5 Nh5 24. Bxg7 Kxg7 25. Nd4 Bf7 26. Rhg1 Qc5 27. f4 a4 28.
f5 a3 29. Rdf1 Kg8 30. f6 exf6 31. gxf6 Kh8 32. Rg5 d5 33. exd5 Qb6 34. Nc6 Re8
35. Re5 Rxe5 36. Nxe5 Kg8 37. d6 Qd8 38. d7 Be6 39. f7+ 1-0

[Event "ENCI Limburg-open B"]
[Site "Maastricht"]
[Date "2010.05.24"]
[Round "6"]
[White "Kuck, Ulrich"]
[Black "Broekmeulen, Joris"]
[Result "0-1"]
[WhiteElo "1951"]
[BlackElo "1864"]
[PlyCount "94"]
[EventDate "2010.05.21"]
[EventType "swiss"]
[EventRounds "7"]
[EventCountry "NED"]
[Source "P.Boonen"]
[SourceDate "2010.10.01"]

1. e4 c5 2. c3 d5 3. exd5 Qxd5 4. d4 cxd4 5. cxd4 e6 6. Nc3 Bb4 7. Nf3 Nc6 8.
Bd3 Nf6 9. O-O Bxc3 10. bxc3 Qa5 11. Qc2 h6 12. Bd2 O-O 13. Rae1 Qa3 14. Bc1
Qd6 15. Ne5 Nd5 16. f4 f5 17. Re2 Nxe5 18. fxe5 Qc6 19. Bd2 b5 20. Qc1 Bb7 21.
Rf3 Rf7 22. Rh3 Kf8 23. Bb1 Rc8 24. Qe1 Nb6 25. Qh4 Nc4 26. Bc1 b4 27. cxb4
Nxe5 28. Rc2 Qd7 29. Rxc8+ Qxc8 30. Ba3 Ng4 31. Qe1 Qd7 32. b5+ Kg8 33. Bc5
Qxb5 34. Rb3 Qc6 35. Qe2 Qc7 36. Rg3 Qc6 37. h3 Nf6 38. a3 Ne4 39. Rb3 Nxc5 40.
dxc5 Qxc5+ 41. Kh2 Qc7+ 42. Kg1 Qc1+ 43. Kh2 Qc6 44. Ba2 Qc7+ 45. g3 Be4 46.
Re3 Re7 47. h4 Qc1 0-1

[Event "ENCI Limburg-open B"]
[Site "Maastricht"]
[Date "2010.05.24"]
[Round "6"]
[White "Maassen van de Brink, Koen"]
[Black "Dittmar, Thomas"]
[Result "1/2-1/2"]
[WhiteElo "1824"]
[BlackElo "1969"]
[PlyCount "27"]
[EventDate "2010.05.21"]
[EventType "swiss"]
[EventRounds "7"]
[EventCountry "NED"]
[Source "P.Boonen"]
[SourceDate "2010.10.01"]

1. e4 c6 2. d4 d5 3. Nc3 dxe4 4. Nxe4 Nf6 5. Nxf6+ gxf6 6. Bf4 Bf5 7. Nf3 Nd7
8. Bd3 e6 9. Bxf5 Qa5+ 10. Qd2 Qxf5 11. O-O-O Nb6 12. Bg3 h5 13. Kb1 Qb5 14.
Qd3 1/2-1/2

[Event "ENCI Limburg-open B"]
[Site "Maastricht"]
[Date "2010.05.24"]
[Round "6"]
[White "Mohamedjoesoef, Rafiek"]
[Black "Uckerman, John"]
[Result "1/2-1/2"]
[WhiteElo "1795"]
[BlackElo "1706"]
[PlyCount "36"]
[EventDate "2010.05.21"]
[EventType "swiss"]
[EventRounds "7"]
[EventCountry "NED"]
[Source "P.Boonen"]
[SourceDate "2010.10.01"]

1. e4 d6 2. d4 Nd7 3. Nc3 h6 4. f4 e5 5. Nf3 exd4 6. Qxd4 Ngf6 7. Bc4 c6 8. e5
dxe5 9. Nxe5 Bc5 10. Bxf7+ Kf8 11. Qc4 Qe7 12. Qe2 Nxe5 13. fxe5 Bg4 14. exf6
Qxe2+ 15. Nxe2 Kxf7 16. h3 Bxe2 17. Kxe2 Rae8+ 18. Kd3 Kxf6 1/2-1/2

[Event "ENCI Limburg-open B"]
[Site "Maastricht"]
[Date "2010.05.24"]
[Round "6"]
[White "Mueller, Sven"]
[Black "Visser, Sebastiaan"]
[Result "1-0"]
[WhiteElo "1855"]
[BlackElo "1731"]
[PlyCount "73"]
[EventDate "2010.05.21"]
[EventType "swiss"]
[EventRounds "7"]
[EventCountry "NED"]
[Source "P.Boonen"]
[SourceDate "2010.10.01"]

1. d4 f5 2. e4 fxe4 3. Nc3 Nf6 4. Bg5 e6 5. Nxe4 Be7 6. Bxf6 Bxf6 7. Nf3 Nc6 8.
c3 a6 9. a4 Rb8 10. a5 d5 11. Nxf6+ Qxf6 12. Bd3 e5 13. dxe5 Qf4 14. Qd2 Qxd2+
15. Kxd2 O-O 16. Rhe1 Bg4 17. Be2 Rbe8 18. h3 Bh5 19. Bd1 Kh8 20. g4 Bg6 21.
Re3 Be4 22. Ke1 Bxf3 23. Bxf3 Nxe5 24. Bxd5 c6 25. Be4 Nc4 26. Re2 Nxb2 27. Rb1
Na4 28. Kd2 Nc5 29. f3 g5 30. Ke3 Rf7 31. Kd4 Ne6+ 32. Kc4 b5+ 33. axb6 Nf4 34.
Ra2 Nd5 35. Bxd5 cxd5+ 36. Kxd5 Rxf3 37. b7 1-0

[Event "ENCI Limburg-open B"]
[Site "Maastricht"]
[Date "2010.05.24"]
[Round "6"]
[White "Singh, Marcel"]
[Black "Hemmes, Maarten"]
[Result "1-0"]
[WhiteElo "1917"]
[BlackElo "1735"]
[PlyCount "49"]
[EventDate "2010.05.21"]
[EventType "swiss"]
[EventRounds "7"]
[EventCountry "NED"]
[Source "P.Boonen"]
[SourceDate "2010.10.01"]

1. e4 c5 2. c3 g6 3. d4 cxd4 4. cxd4 d5 5. exd5 Nf6 6. Nc3 Bg7 7. Bb5+ Bd7 8.
Bc4 Qc7 9. Bb3 O-O 10. Nf3 b5 11. a3 a6 12. O-O Bc8 13. Ne5 Bb7 14. Re1 Nbd7
15. Bf4 Nh5 16. Nxd7 Qxd7 17. Be5 Nf6 18. Qe2 Rfe8 19. Qf3 Rad8 20. Rad1 Rc8
21. h3 Red8 22. Qf4 a5 23. d6 b4 24. Bxf6 exf6 25. Re7 1-0

[Event "ENCI Limburg-open B"]
[Site "Maastricht"]
[Date "2010.05.24"]
[Round "6"]
[White "Staudte, Rainer"]
[Black "Perrenet, Jacob"]
[Result "0-1"]
[WhiteElo "1947"]
[BlackElo "1986"]
[PlyCount "66"]
[EventDate "2010.05.21"]
[EventType "swiss"]
[EventRounds "7"]
[EventCountry "NED"]
[Source "P.Boonen"]
[SourceDate "2010.10.01"]

1. d4 Nc6 2. d5 Ne5 3. e4 e6 4. dxe6 fxe6 5. f4 Nf7 6. Nf3 Bc5 7. Bd3 Nf6 8.
Qe2 b6 9. Be3 Qe7 10. O-O Bb7 11. Nbd2 O-O 12. c3 Bxe3+ 13. Qxe3 Kh8 14. Rae1
Rg8 15. h3 Raf8 16. Ng5 h6 17. Nxf7+ Rxf7 18. Nf3 d6 19. f5 exf5 20. exf5 Qxe3+
21. Rxe3 Nd5 22. Ree1 Nf4 23. Bc2 g5 24. fxg6 Nxg6 25. Be4 Bxe4 26. Rxe4 Nf4
27. g4 Nxh3+ 28. Kh2 Ng5 29. Re3 Rgf8 30. Kg2 Nxf3 31. Rexf3 Rxf3 32. Rxf3 Rxf3
33. Kxf3 Kg7 0-1

[Event "ENCI Limburg-open B"]
[Site "Maastricht"]
[Date "2010.05.24"]
[Round "6"]
[White "Timmermans, Stefan"]
[Black "Mueller, Claudia"]
[Result "1/2-1/2"]
[WhiteElo "1865"]
[BlackElo "2033"]
[PlyCount "43"]
[EventDate "2010.05.21"]
[EventType "swiss"]
[EventRounds "7"]
[EventCountry "NED"]
[Source "P.Boonen"]
[SourceDate "2010.10.01"]

1. d4 g6 2. c4 c6 3. Nc3 d5 4. Nf3 Bg7 5. cxd5 cxd5 6. Bf4 Nf6 7. e3 O-O 8. Bd3
Nc6 9. O-O Qb6 10. Na4 Qd8 11. Ne5 Nxe5 12. Bxe5 Nh5 13. Bxg7 Nxg7 14. Qb3 b6
15. Rac1 Bf5 16. Ba6 b5 17. Nc3 Bd3 18. Rfd1 Bc4 19. Qb4 Qb6 20. b3 Qxa6 21.
bxc4 dxc4 22. Qxb5 1/2-1/2

[Event "ENCI Limburg-open B"]
[Site "Maastricht"]
[Date "2010.05.24"]
[Round "6"]
[White "Tutenel, Erik"]
[Black "Ducarmon, Renzo"]
[Result "0-1"]
[WhiteElo "1817"]
[BlackElo "1922"]
[PlyCount "32"]
[EventDate "2010.05.21"]
[EventType "swiss"]
[EventRounds "7"]
[EventCountry "NED"]
[Source "P.Boonen"]
[SourceDate "2010.10.01"]

1. e4 c5 2. d4 cxd4 3. c3 Nf6 4. e5 Nd5 5. cxd4 e6 6. Nf3 b6 7. Bg5 Be7 8. Bxe7
Qxe7 9. Nbd2 O-O 10. a3 d6 11. Nc4 dxe5 12. dxe5 Ba6 13. Rc1 Rd8 14. Qb3 Nd7
15. Ncd2 Bxf1 16. Nxf1 Nc5 0-1